Visualizzazione normale
Vista MARC
- Turoldo David Maria
di Personal Name
Records bibliografici associati: 1
001 - CONTROL NUMBER
- control field: 25901
003 - CONTROL NUMBER IDENTIFIER
- control field: IT-RoPau
005 - DATE AND TIME OF LATEST TRANSACTION
- control field: 20140521105422.0
008 - FIXED-LENGTH DATA ELEMENTS
- fixed length control field: 140521|| aca||aabn | a|a d
040 ## - CATALOGING SOURCE
- Original cataloging agency: IT-RoPau
- Transcribing agency: IT-RoPau
100 ## - HEADING--PERSONAL NAME
- Personal name: Turoldo David Maria
- Relator term: Autore testo e musica
- Miscellaneous information: Codice autore testo SPICS: 28043
670 ## - SOURCE DATA FOUND
- Source citation: Work cat.: (IT-RoPau)102165: Pagano Christian Antonio 4412, Scandalo della speranza (Lo)-Intervista di Nazareno Fabbretti a David Maria Turoldo